000 00439nam a2200181Ia 4500
001 13348
005 20260306164754.0
008 260306t1997||||xx |||||||||||||| ||spa||
041 _aESP
082 _a001.42
_bT74
100 _aTorres Bardales, C.
_eAUT
245 0 _aEl proyecto de investigación científica
260 _c1997
300 _a251 páginas :
_c20 cm.
650 _aGEN
654 _aCHU
942 _cLIB
_dJUS
_fJUS
_2ddc
_n
999 _c13348
_d13348